01628nam a22001337a 4500003000400000082002000004100002300024245007600047250000800123260002500131300000800156650003500164653129500199SGT a658.4038011 JAW aJAWADEKAR, WAMAN S aMANAGEMENT INFORMATION SYSTEMS: A GLOBAL DIGITAL ENTERPRISE PERSPECTIVE a5TH aNEW DELHIbTMHc2015 a814 aMANAGEMENT INFORMATION SYSTEMS aSTRATEGIC VIEW OF MIS 1. Management Information System in a Digital Firm 2. E-Business Enterprise: A Digital Firm 3. Strategic Management of Business Performance: Creating a Model of Organisation Excellence 4. Information Security: Threats and Management 5. Information Technology: Impact on Society PART II: BASICS OF MANAGEMENT INFORMATION SYSTEMS 6. Decision-Making 7. Information, Knowledge, Business Intelligence 8. Systems Engineering: Analysis and Design 9. Development Process of MIS 10. Strategic Design of MIS 11. Business Intelligence for MIS PART III: APPLICATIONS OF MANAGEMENT INFORMATION SYSTEMS TO E-BUSINESS 12. Applications in Manufacturing Sector 13. Applications in Service Sector 14. Decision Support Systems and Knowledge Management 15. Management of Global Enterprise PART IV: INFOTECH INFRASTRUCTURE 16. Technology of Information Systems 17. Unified Communications and Networks 18. DBMS, Client Server and Service Oriented Architecture 19. Data Warehouse: Architecture to Implementation 20. E-Business Technology PART V: COMPREHENSIVE CASES ON MANAGEMENT INFORMATION SYSTEMS 1. Management Information Systems in a Digital Firm 2. Techno-Cases in E-Enterprise Management 3. Case Digest of SCM 4. FS Square Infotech Ltd. (FSIT) 5. Home Land Groceries and Stores (HLGS)